| 000 | 00431cam a2200169ua 4500 | ||
|---|---|---|---|
| 020 | _c325.00 | ||
| 041 |
_aeng _h |
||
| 082 |
_a632.9 _bNOR/CO |
||
| 100 | _aNorris, Rebent.F . | ||
| 245 |
_aConcepts in integrated pest management / _cF.Rebent Norris. _hTextual Documents |
||
| 260 |
_aIndia : _bPrentice Hall Inc , _c2002. |
||
| 300 | _a588 ; . | ||
| 365 | _a325.00 | ||
| 504 | _a | ||
| 942 | _cBK | ||
| 999 |
_c1720 _d1720 |
||